000 00569nam a2200217 a 4500
001 BS0003102
003 BR-BrBNA
005 20230418192223.0
008 230308b |||||||| |||| 00| 0 por d
040 _aBR-BrBNA
_bpor
_cBiblioteca Nacional de Agricultura
041 _apor
072 _aB60
090 _aB60 BS0003102
100 1 _aVieira Pinheiro, Plinio
245 1 _aOlhar reflexivo /
260 3 _aRio de Janeiro, RJ.:
_bJS Comunicação Ltda,
_c2008.
300 _a212 p.
650 _aBIOGRAFIA
909 _a202304
_bSergio Santos
_c56
_dSergio Santos
942 _cBK
999 _c8164
_d8164